<?xml version="1.0" encoding="UTF-8"?>
<collection xmlns:xsi="http://www.w3.org/2001/XMLSchema-instance" xsi:schemaLocation="http://www.loc.gov/MARC21/slim http://www.loc.gov/standards/marcxml/schema/MARC21slim.xsd" xmlns="http://www.loc.gov/MARC21/slim">
 <record>
  <leader>00000cja a22000004a 4500</leader>
  <controlfield tag="001">UP-99796217610572238</controlfield>
  <controlfield tag="003">Buklod</controlfield>
  <controlfield tag="005">20130117153108.0</controlfield>
  <controlfield tag="006">a     r    |||| u|</controlfield>
  <controlfield tag="007">s| u||||||u|u|</controlfield>
  <controlfield tag="008">130117s1975    xx     d|||||||||||||| | </controlfield>
  <datafield tag="035" ind1=" " ind2=" ">
   <subfield code="a">(iLib)UPD-00192604027</subfield>
  </datafield>
  <datafield tag="040" ind1=" " ind2=" ">
   <subfield code="a">OH</subfield>
   <subfield code="d">DMUS</subfield>
  </datafield>
  <datafield tag="041" ind1="1" ind2=" ">
   <subfield code="a">eng</subfield>
   <subfield code="h">ger</subfield>
  </datafield>
  <datafield tag="042" ind1=" " ind2=" ">
   <subfield code="a">DMLUC</subfield>
  </datafield>
  <datafield tag="090" ind1=" " ind2=" ">
   <subfield code="a">CD 1905</subfield>
  </datafield>
  <datafield tag="100" ind1="1" ind2=" ">
   <subfield code="a">Ravel, Maurice</subfield>
   <subfield code="d">1875-1937.</subfield>
  </datafield>
  <datafield tag="240" ind1="1" ind2="0">
   <subfield code="a">Piano music.</subfield>
   <subfield code="k">Collections</subfield>
  </datafield>
  <datafield tag="245" ind1="1" ind2="0">
   <subfield code="a">Piano works</subfield>
   <subfield code="h">[soundrecording]</subfield>
   <subfield code="b">Klavierwerke</subfield>
   <subfield code="c">Maurice Ravel.</subfield>
  </datafield>
  <datafield tag="246" ind1="1" ind2=" ">
   <subfield code="a">Klavierwerke.</subfield>
  </datafield>
  <datafield tag="264" ind1=" " ind2="1">
   <subfield code="a">London</subfield>
   <subfield code="b">Decca Record</subfield>
   <subfield code="c">c1975.</subfield>
  </datafield>
  <datafield tag="300" ind1=" " ind2=" ">
   <subfield code="a">2 sound discs</subfield>
   <subfield code="b">digital, stereo</subfield>
   <subfield code="c">4 3/4 in.</subfield>
  </datafield>
  <datafield tag="307" ind1=" " ind2=" ">
   <subfield code="a">Duration:  141 min., 74 sec.</subfield>
  </datafield>
  <datafield tag="500" ind1=" " ind2=" ">
   <subfield code="a">Program notes (11 p.) in English with French, German, and Italian translations by Marcel Marnat inserted inside the container.</subfield>
  </datafield>
  <datafield tag="505" ind1="0" ind2=" ">
   <subfield code="a">CD 1. Gaspard de la nuit -- Valses nobles et sentimentales -- Jeux d'eau -- Miroirs -- CD 2. Sonatine -- Le tombeau de Couperin -- Prélude -- Menuet sur le nom d'Haydn -- À la manière de Borodine -- Menuet antique -- Pavane pour une infante défunte -- À la manière de Chabrier -- Ma mère l'Oye.</subfield>
  </datafield>
  <datafield tag="511" ind1="1" ind2=" ">
   <subfield code="a">Pascal Rogé, Denise-Françoise Rogé (last work), piano.</subfield>
  </datafield>
  <datafield tag="650" ind1=" " ind2="0">
   <subfield code="a">Piano music.</subfield>
  </datafield>
  <datafield tag="700" ind1="1" ind2=" ">
   <subfield code="a">Roge, Pascal</subfield>
   <subfield code="d">1951-.</subfield>
  </datafield>
  <datafield tag="700" ind1="1" ind2=" ">
   <subfield code="a">Roge, Denise-Francoise.</subfield>
  </datafield>
  <datafield tag="905" ind1=" " ind2=" ">
   <subfield code="a">FO</subfield>
  </datafield>
  <datafield tag="950" ind1=" " ind2=" ">
   <subfield code="a">Optic</subfield>
  </datafield>
  <datafield tag="852" ind1="0" ind2=" ">
   <subfield code="a">UPD</subfield>
   <subfield code="b">DMUS</subfield>
   <subfield code="h">CD 1905</subfield>
  </datafield>
  <datafield tag="942" ind1=" " ind2=" ">
   <subfield code="a">Music</subfield>
  </datafield>
 </record>
</collection>
